|
|
|
|
| LEADER |
00000nam0a2200000 4500 |
| 001 |
121969 |
| 005 |
20231031125754.0 |
| 010 |
|
|
|a 9785811407279
|
| 035 |
|
|
|a (RuTPU)RU\TPU\book\132081
|
| 090 |
|
|
|a 121969
|
| 100 |
|
|
|a 20070924d2007 m y0rusy50 ca
|
| 101 |
0 |
|
|a rus
|
| 102 |
|
|
|a RU
|
| 105 |
|
|
|a a j 000zy
|
| 200 |
1 |
|
|a Курс высшей математики. Кратные интегралы. Векторный анализ
|e лекции и практикум
|f И. М. Петрушко [и др.]
|g под ред. И. М. Петрушко
|
| 205 |
|
|
|a 2-е изд., испр.
|
| 210 |
|
|
|a СПб.
|c Лань
|d 2007
|
| 215 |
|
|
|a 320 с.
|c ил.
|
| 225 |
1 |
|
|a Учебники для вузов. Специальная литература
|
| 610 |
1 |
|
|a кратные интегралы
|
| 610 |
1 |
|
|a векторный анализ
|
| 610 |
1 |
|
|a учебные пособия
|
| 610 |
1 |
|
|a лекции
|
| 610 |
1 |
|
|a практикумы
|
| 610 |
1 |
|
|a двойные интегралы
|
| 610 |
1 |
|
|a тройные интегралы
|
| 610 |
1 |
|
|a якобианы
|
| 610 |
1 |
|
|a кратные интегралы
|
| 610 |
1 |
|
|a поверхности
|
| 610 |
1 |
|
|a кривые в пространстве
|
| 610 |
1 |
|
|a поверхностные интегралы
|
| 610 |
1 |
|
|a криволинейные интегралы
|
| 610 |
1 |
|
|a скалярные поля
|
| 610 |
1 |
|
|a векторные поля
|
| 610 |
1 |
|
|a теорема Остроградского-Гаусса
|
| 610 |
1 |
|
|a потенциальные поля
|
| 610 |
1 |
|
|a ортогональные криволинейные координаты
|
| 610 |
1 |
|
|a параметры Ламэ
|
| 675 |
|
|
|a 517.37(075.8)
|v 3
|
| 675 |
|
|
|a 514.742(075.8)
|v 3
|
| 701 |
|
1 |
|a Петрушко
|b И. М.
|g Игорь Мелетиевич
|
| 701 |
|
1 |
|a Гуличев
|b Н. В.
|g Николай Васильевич
|
| 701 |
|
1 |
|a Попов
|b Л. Г.
|g Леонид Глебович
|
| 701 |
|
1 |
|a Янченко
|b А. Я.
|g Александр Яковлевич
|
| 702 |
|
1 |
|a Петрушко
|b И. М.
|g Игорь Мелетиевич
|4 340
|
| 801 |
|
1 |
|a RU
|b 63413507
|c 20070924
|g PSBO
|
| 801 |
|
2 |
|a RU
|b 63413507
|c 20120408
|g PSBO
|
| 942 |
|
|
|c BK
|
| 959 |
|
|
|a 63/20070924
|d 1
|e 0
|f ЧЗТЛ:1
|